000 01164nam a2200301 i 4500
001 175014
003 ES-MaACL
005 20250719063324.0
008 160408s2003 sp abco |||| |bspa d
080 _a929 Lawrence, T. E.
100 1 _aGraves, Richard Perceval
_eaut
_9143369
245 1 0 _aLawrence de Arabia /
_cRichard P. Graves ; prólogo de Inocencio F. Arias ; [traducción, Jesús A. Marinas].
250 _aEd. especial para este periódico.
260 _a[Barcelona] :
_bFolio,
_c[2003]
300 _a189 páginas :
_bilustraciones ;
_c21 cm.
490 1 _aBiblioteca ABC. Protagonistas del s. XX ;
_v6
500 _aCronología
600 1 4 _aLawrence, T. E.
_9143370
700 1 _aArias, Inocencio,
_d1940-
_eaui
_922748
700 1 _aMarinas, Jesús A.
_etrl
_9241341
710 2 _aDiario ABC.
_eisb
_91137
830 0 0 _aBiblioteca ABC. Protagonistas del s. XX ;
_v6
_9192266
852 _aES-MaACL
_bR.145186
_cDEPO1
_dOlim: N-6694
_hDonativo Manuel Halffter
_jA-13694
_xCartoné
_9181750
903 _9234308
_aHalffter, Manuel
_ednr
942 _2udc
_cMONOGRAFIA
_n0
999 _c175014
_d175014